Botany for degree students: (Record no. 152841)

MARC details
000 -LEADER
fixed length control field 00590nam a22001937a 4500
005 - DATE AND TIME OF LATEST TRANSACTION
control field 20180620102305.0
010 ## - LCCN (DPL NO)
LC control number ENG-123253
020 ## - INTERNATIONAL STANDARD BOOK NUMBER
International Standard Book Number 9789352535279
Terms of availability 365.00
035 ## - SYSTEM CONTROL NUMBER
System control number EN-106785
037 ## - SOURCE OF ACQUISITION
Source of stock number/acquisition DBAD/PUB
082 ## - DEWEY DECIMAL CLASSIFICATION NUMBER
Classification number 580
100 ## - MAIN ENTRY--PERSONAL NAME
Personal name Pandey, B P
245 ## - TITLE STATEMENT
Title Botany for degree students:
Statement of responsibility, etc by B P Pandey
Remainder of title biodiversity /
260 ## - PUBLICATION, DISTRIBUTION, ETC. (IMPRINT)
Place of publication, distribution, etc New Delhi
Name of publisher, distributor, etc S. Chand
Date of publication, distribution, etc 2018
270 ## - ADDRESS
Address 7361, Ram Nagar,
City New Delhi
Postal code 110055
300 ## - PHYSICAL DESCRIPTION
Extent 169p.
Dimensions 23cm(pbk)
Other physical details ill.
500 ## - GENERAL NOTE
General note B Sc Semester I as per UGC Choice Based Credit System (CBCS)
942 ## - ADDED ENTRY ELEMENTS (KOHA)
Source of classification or shelving scheme Dewey Decimal Classification
Item type English Books
Call number suffix PAN
Classification part 580
Holdings
Withdrawn status Lost status Not for loan Collection code Home library Current library Date acquired Source of acquisition Cost, normal purchase price Full call number Barcode Copy number Cost, replacement price Koha item type
    Not For Loan Non-fiction D.B.Act.Division Patel Nagar 19/06/2018 DBAD/PUB 365.00 580 PAN EN-106785 1 365.00 English Books

© Delhi Public Library
Hit Counter
free hit counter